Общая теория государства и права: учебник

Bibliografiske detaljer
Hovedforfatter: Комаров С. А. Сергей Александрович
Summary:Исключено из фонда НТБ ТПУ
Sprog:russisk
Udgivet: СПб., Питер, 2006
Udgivelse:7-е изд.
Serier:Учебник для вузов
Издательская программа "300 лучших учебников для высшей школы в честь 300-летия Санкт-Петербурга"
Format: MixedMaterials Bog
KOHA link:https://koha.lib.tpu.ru/cgi-bin/koha/opac-detail.pl?biblionumber=111257

MARC

LEADER 00000nam0a2200000 4500
001 111257
005 20231031120801.0
010 |a 5947237946 
035 |a (RuTPU)RU\TPU\book\120153 
090 |a 111257 
100 |a 20070313d2006 m y0rusy50 ca 
101 0 |a rus 
102 |a RU 
105 |a a j 000zy 
200 1 |a Общая теория государства и права  |e учебник  |f С. А. Комаров 
205 |a 7-е изд. 
210 |a СПб.  |c Питер  |d 2006 
215 |a 512 с.  |c ил. 
225 1 |a Учебник для вузов 
225 1 |a Издательская программа "300 лучших учебников для высшей школы в честь 300-летия Санкт-Петербурга" 
333 |a Исключено из фонда НТБ ТПУ 
700 1 |a Комаров  |b С. А.  |g Сергей Александрович 
801 1 |a RU  |b 63413507  |c 20070313  |g PSBO 
801 2 |a RU  |b 63413507  |c 20220620  |g PSBO 
942 |c BK 
959 |a 24/20070227  |d 2  |e 160,20  |f АНЛ:1  |f ЧЗГЛ:1